Factors of 216 - Statistics

General Stats
  • This quiz has been taken 28 times
  • The average score is 15 of 16
Answer Stats
Hint Answer % Correct
Factor 1
100%
Factor 2
100%
Factor 3
100%
Factor 4
100%
Factor 6
100%
Factor 8
100%
Factor 12
95%
Factor 18
95%
Factor 24
95%
Factor 9
95%
Factor 36
89%
Factor 216
84%
Factor 108
79%
Factor 27
79%
Factor 54
74%
Factor 72
68%
No matching quizzes found
Score Distribution
Percent of People with Each Score
Percentile by Number Answered
Your Score History
You have not taken this quiz